Torschützenkönige in der Geschichte von Hertha BSC - Statistiken

Allgemein
  • Dieses Quiz wurde 55 mal gespielt
  • Das Durchschnittsergebnis liegt bei 5 aus 10
Antwortstatistiken
Tore Nationalität Spieler % Korrekt
54 Bosnien und Herzegowina Vedad Ibisevic
92%
79 Brasilien Marcelinho
88%
108 Deutschland Michael Preetz
79%
55 Serbien Marko Pantelic
77%
65 Kolumbien Adrián Ramos
75%
116 Deutschland Erich Beer Erich Beer
48%
111 Deutschland Lorenz Horr
8%
79 Deutschland Theo Gries
8%
82 Deutschland Thomas Remark
4%
63 Deutschland Werner Killmaier
0%
Keine übereinstimmenden Quizze gefunden
Verteilung der Resultate
Anzahl Personen mit jedem Resultat
Perzentil nach korrekt beantworteten Fragen
Ihre Resultats-Entwicklung
Sie haben dieses Quiz noch nicht gespielt